Strategy and leadership

Bibliographic Details
Format: Book
Published: Kuala Lumpur : MIM , 2004
Subjects:

MARC

LEADER 00000cam a2200000 7i4500
001 0000015202
005 20050701.0
020 |a 983906519X 
040 |a INS 
090 0 0 |a HD57.7   |b L438 2004 
245 1 0 |a Strategy and leadership 
260 |a Kuala Lumpur :   |b MIM ,   |c 2004 
300 |a ivp :   |b 77p ;   |c 26cm. 
650 0 0 |a Leadership   |x Postgraduate   |y Research and professional 
999 |a 0000014930   |b BOOK   |c Open Shelf   |e Default branch